000 00516nam a2200217Ia 4500
003 OSt
005 20220924133753.0
006 a|||||r|||| 00| 0
007 ta
008 220923b |||||||| |||| 00| 0 snd d
024 _a268734
037 _cTextual
040 _aARTS
_cARTS
_bsnd
041 _2snd
_asnd
082 _aR, 1593K6
100 _aArjun
_9207304
245 0 _aHindu philosophy jo sardesh
260 _c1966
942 _hR, 1593K6
_cTEXL
_2CC
999 _c435128
_d435128